Sports Quiz

Random Sports or Cricket Quiz
Score 0/50 Timer 06:00
1 Play Today
Number of centuries Name % Correct
17MD Crowe
94.9%
18LRPL Taylor
94.9%
3JJ Crowe
94.9%
2BR Taylor
94.9%
12BB McCullum
94.2%
9SP Fleming
89.6%
20KS Williamson
86.2%
11NJ Astle
85.5%
5CL Cairns
84.8%
6DL Vettori
84%
11TWM Latham
75.9%
2RJ Hadlee
73%
2IDS Smith
72.5%
12JD Wright
71.5%
8BJ Watling
71.2%
6CD McMillan
67.4%
5JDP Oram
66.2%
3MJ Guptill
66.2%
2AC Parore
66%
7GM Turner
65.7%
5SB Styris
64.7%
3KR Rutherford
61.9%
4MH Richardson
59.4%
5HM Nicholls
57%
6JF Reid
54.6%
Number of centuries Name % Correct
6JR Reid
54.6%
3BW Sinclair
54.1%
3MS Sinclair
54.1%
3JD Ryder
53.4%
7AH Jones
52.4%
3MJ Greatbatch
51.7%
3JV Coney
47.8%
3L Vincent
45.6%
2PG Fulton
45.5%
5B Sutcliffe
44.4%
7BE Congdon
42.7%
2JDS Neesham
41.5%
3BA Edgar
40.4%
2HJH Marshall
40%
2BA Young
37.8%
6GF Howarth
37%
4MJ Horne
30.2%
2MD Bell
27.9%
2CS Dempster
20.7%
3GT Dowling
20.5%
2TG McIntosh
19.7%
5MG Burgess
18.3%
3JM Parker
14.3%
2V Pollard
12.6%
4BF Hastings
12.3%
Remove Ads.
Support Sporcle.
Get the best of Sporcle when you Go Orange. This ad-free experience offers more features, more stats, and more fun while also helping to support Sporcle. Thank you for becoming a member.

You're not logged in!

Compare scores with friends on all Sporcle quizzes.
OR
Log In

Show Comments

Extras

Top Quizzes Today


Score Distribution

Your Account Isn't Verified!

In order to create a playlist on Sporcle, you need to verify the email address you used during registration. Go to your Sporcle Settings to finish the process.

Report this User

Report this user for behavior that violates our Community Guidelines.

Details: